000 00514nam a2200193Ia 4500
003 OSt
005 20250508161440.0
008 210210b1965 xxu||||| |||| 00| 0 eng d
040 _cAL
041 _aHindi
082 _aH891.1 TIVD
100 _aTIWARI (Sriram).
_dश्रीराम तिवारी
_9196469
245 _aDisha kant.
_bदिशा कांत
260 _aBihar
_bNaya Lekak Prakashan
_c1965
300 _a48
690 _aHindi Poetry
_9196470
906 _a032215
942 _2ddc
_cBK
999 _c83137
_d83137